| 000 -LEADER |
| fixed length control field |
00674cam a2200229 4500 |
| 001 - CONTROL NUMBER |
| control field |
1252650 |
| 005 - DATE AND TIME OF LATEST TRANSACTION |
| control field |
20180208033146.0 |
| 008 - FIXED-LENGTH DATA ELEMENTS--GENERAL INFORMATION |
| fixed length control field |
730817s1973 kyua b 100 0 eng |
| 010 ## - LIBRARY OF CONGRESS CONTROL NUMBER |
| LC control number |
73077254 |
| 020 ## - INTERNATIONAL STANDARD BOOK NUMBER |
| International Standard Book Number |
0813112931 |
| 040 ## - CATALOGING SOURCE |
| Original cataloging agency |
DLC |
| Transcribing agency |
DLC |
| Modifying agency |
DLC |
| -- |
ICU |
| -- |
DLC |
| 041 ## - LANGUAGE CODE |
| Language code of text/sound track or separate title |
eng |
| 080 ## - UNIVERSAL DECIMAL CLASSIFICATION NUMBER |
| Universal Decimal Classification number |
539.74 DAV |
| 082 00 - DEWEY DECIMAL CLASSIFICATION NUMBER |
| Classification number |
539.74 DAV |
| 100 ## - Rafti |
| Rafti |
43 |
| 101 ## - Shkurtesa |
| Shkurtesa |
FIZ |
| 245 00 - TITLE STATEMENT |
| Title |
Fifth Symposium on the Structure of Low-Medium Mass Nuclei. |
| Statement of responsibility, etc |
Edited by J. P. Davidson & Bernard D. Kern. |
| 504 ## - BIBLIOGRAPHY, ETC. NOTE |
| Bibliography, etc |
Includes bibliographical references. |
| 740 0# - ADDED ENTRY--UNCONTROLLED RELATED/ANALYTICAL TITLE |
| Uncontrolled related/analytical title |
Structure of low-medium mass nuclei. |
| 906 ## - LOCAL DATA ELEMENT F, LDF (RLIN) |
| a |
7 |
| b |
cbc |
| c |
orignew |
| d |
2 |
| e |
opcn |
| f |
19 |
| g |
y-gencatlg |
| 942 ## - ADDED ENTRY ELEMENTS (KOHA) |
| Source of classification or shelving scheme |
|
| Item type |
Books |